Score 0/10 Timer 03:00
3 Plays Today
Hint Answer % Correct
CKLABBlack
99.2%
UEBLBlue
98.8%
SOOEGGoose
93.4%
LOYLHHolly
89.3%
CHNRUCCrunch
86.3%
WARSTStraw
83.1%
DOLCUCloud
78.1%
LOMNASSalmon
59.6%
REDLEElder
48.4%
Word in common with all of the above:Berry
33.5%
Remove Ads.
Support Sporcle.
Get the best of Sporcle when you Go Orange. This ad-free experience offers more features, more stats, and more fun while also helping to support Sporcle. Thank you for becoming a member.

You're not logged in!

Compare scores with friends on all Sporcle quizzes.
OR
Log In

Show Comments

Extras

Top Quizzes Today


Score Distribution

Your Account Isn't Verified!

In order to create a playlist on Sporcle, you need to verify the email address you used during registration. Go to your Sporcle Settings to finish the process.

Report this User

Report this user for behavior that violates our Community Guidelines.

Details: